000 00872nam a2200253Ia 4500
003 OSt
005 20220930091025.0
006 a|||||r|||| 00| 0
007 ta
008 220926b |||||||| |||| 00| 0 eng d
024 _a3371
037 _cTheses
040 _aCRL
_cCRL
_beng
041 _2eng
_aeng
100 _aYadav Anita
_9544485
110 _aUniversity of Delhi. Faculty of Medical Science. Department of Obstetrics and Gynecology
_9544218
245 0 _aRole of transvaginal ultrasonographic vervical assessment in predicting the outcome of induction of labor
260 _c2012
650 _aWOMEN - DISEASES
700 _a Aggarwal Kiran Gu.
_9544486
700 _aUniversity of Delhi. Faculty of Medical Science. Department of Obstetrics and Gynecology
_9544220
942 _cDIS
_2CC
999 _c881516
_d881516